[Event "SG Ahaus-Wessum 1 - SF Beelen 1"]
[Site "Regionalliga 2017/2018"]
[Date "2018.03.17"]
[Round "7.1"]
[White "Henke, Wolfgang"]
[Black "Wensing, Maximilian"]
[Result "0-1"]
[WhiteElo "1797"]
[BlackElo "1955"]
[PlyCount "98"]
[EventDate "2018.??.??"]
[SourceDate "2017.09.15"]

1. e4 c5 2. c3 Nf6 3. e5 Nd5 4. Nf3 Nc6 5. d4 cxd4 6. cxd4 d6 7. exd6 Qxd6 8.
Na3 Bg4 9. Be2 e6 10. Nc4 Qd8 11. O-O Be7 12. Qb3 Bxf3 13. Bxf3 Nxd4 14. Qa4+
b5 15. Nd6+ Qxd6 16. Qxd4 O-O 17. Rd1 Rfd8 18. Qg4 Rac8 19. Bh6 Bf6 20. Rd2 Qb4
21. Qxb4 Nxb4 22. Rxd8+ Rxd8 23. Be3 Nc2 24. Rc1 Nxe3 25. fxe3 Bxb2 26. Rc7 g6
27. Rxa7 Bc1 28. Kf2 Rd2+ 29. Ke1 Rb2 30. e4 Rb1 31. Kf2 b4 32. Be2 Rb2 33. Kf3
Rc2 34. Bd3 Rc3 35. Ke2 Ba3 36. Kd2 Rc5 37. Bc2 h5 38. Bb3 h4 39. Ke2 h3 40.
Ra8+ Kg7 41. g4 Bb2 42. Rd8 Be5 43. Rd3 Rc3 44. Rxc3 bxc3 45. a4 Bxh2 46. a5
Kf6 47. Kf2 Bb8 48. Bc2 Kg5 49. Kf3 h2 0-1

[Event "SG Ahaus-Wessum 1 - SF Beelen 1"]
[Site "Regionalliga 2017/2018"]
[Date "2018.03.17"]
[Round "7.2"]
[White "Schulze Ameling, Hendrik"]
[Black "Hofene, Dieter"]
[Result "0-1"]
[WhiteElo "2004"]
[BlackElo "2007"]
[PlyCount "80"]
[EventDate "2018.??.??"]
[SourceDate "2017.09.15"]

1. d4 e6 2. e4 d5 3. Nc3 Nf6 4. Bg5 dxe4 5. Nxe4 Be7 6. Bxf6 gxf6 7. Nf3 a6 8.
Qd2 Nd7 9. O-O-O c6 10. Qh6 Bf8 11. Qf4 Qe7 12. Kb1 h5 13. c4 Bh6 14. Qc7 Qd8
15. Nd6+ Ke7 16. Nf5+ Ke8 17. Qd6 Bf8 18. Qg3 exf5 19. Bd3 Nb6 20. Rhe1+ Be7
21. Qg7 Rf8 22. Qxf6 Be6 23. Qh6 Qd6 24. Qxh5 Nxc4 25. d5 Nxb2 26. Rxe6 Qb4 27.
a3 Qxa3 28. Rxe7+ Kxe7 29. Re1+ Kd8 30. Bxf5 Na4 31. Qh4+ f6 32. Qd4 Nc3+ 33.
Kc2 Nxd5 34. Rd1 Kc7 35. Ra1 Qd6 36. Qh4 Qc5+ 37. Kb1 Qb5+ 38. Kc1 Qc5+ 39. Kb1
Rad8 40. Qg3+ Kb6 0-1

[Event "SG Ahaus-Wessum 1 - SF Beelen 1"]
[Site "Regionalliga 2017/2018"]
[Date "2018.03.17"]
[Round "7.3"]
[White "Hanewinkel, Winfried"]
[Black "Rosing, Hermann"]
[Result "1/2-1/2"]
[WhiteElo "1905"]
[BlackElo "1969"]
[PlyCount "50"]
[EventDate "2018.??.??"]
[SourceDate "2017.09.15"]

1. d4 f5 2. Nf3 Nf6 3. g3 g6 4. Bg2 Bg7 5. O-O d6 6. c4 O-O 7. Nc3 c6 8. b3 h6
9. Bb2 Qe8 10. Qc2 Na6 11. a3 Bd7 12. b4 Nc7 13. a4 Qf7 14. Nd2 Rfe8 15. b5
Rab8 16. Ba3 Bf8 17. Rab1 Ne6 18. e3 Ng5 19. bxc6 bxc6 20. Rxb8 Rxb8 21. Rb1
Qe8 22. Rb2 e5 23. Rxb8 Qxb8 24. dxe5 dxe5 25. Bxf8 Kxf8 1/2-1/2

[Event "SG Ahaus-Wessum 1 - SF Beelen 1"]
[Site "Regionalliga 2017/2018"]
[Date "2018.03.17"]
[Round "7.4"]
[White "Diehlmann, Christian"]
[Black "Cigelski, Rudolf"]
[Result "1-0"]
[WhiteElo "1909"]
[BlackElo "1836"]
[PlyCount "87"]
[EventDate "2018.??.??"]
[SourceDate "2017.09.15"]

1. d4 f5 2. g3 Nf6 3. Bg2 g6 4. Bg5 Bg7 5. c3 h6 6. Bxf6 Bxf6 7. e4 e6 8. Nh3
Qe7 9. O-O Qf7 10. Qb3 a5 11. exf5 a4 12. fxe6 dxe6 13. Qc4 c6 14. Re1 O-O 15.
Nd2 b5 16. Qd3 Ra7 17. Nf4 Bg5 18. Nh3 Bd8 19. f4 Bb6 20. Nf3 Nd7 21. Nh4 c5
22. Qxg6+ Qxg6 23. Nxg6 cxd4 24. Nf2 Re8 25. Rad1 dxc3 26. bxc3 b4 27. cxb4 Ba6
28. Bc6 Rd8 29. Rxe6 Kf7 30. f5 Bc4 31. Re7+ Kg8 32. Rexd7 Raxd7 33. Rxd7 Rxd7
34. Bxd7 Bxa2 35. Bxa4 Kf7 36. Kf1 Bc4+ 37. Ke1 Bd4 38. Ne4 Bd5 39. Nd6+ Kf6
40. Ke2 Be5 41. Nxe5 Kxe5 42. Nc8 Bc4+ 43. Ke3 Ba6 44. Bd7 1-0

[Event "SG Ahaus-Wessum 1 - SF Beelen 1"]
[Site "Regionalliga 2017/2018"]
[Date "2018.03.17"]
[Round "7.5"]
[White "Hofene, Josef"]
[Black "Winking, Hendirk"]
[Result "1/2-1/2"]
[WhiteElo "1775"]
[BlackElo "1945"]
[PlyCount "32"]
[EventDate "2018.??.??"]
[SourceDate "2017.09.15"]

1. e4 g6 2. d4 Bg7 3. f4 c5 4. c3 Nf6 5. Bd3 cxd4 6. cxd4 O-O 7. Nc3 d6 8. Nf3
Nc6 9. d5 Nb4 10. Bb1 Qb6 11. Qe2 Bd7 12. Be3 Qa6 13. O-O Ng4 14. Qxa6 Nxa6 15.
Bd4 Bxd4+ 16. Nxd4 Nc5 1/2-1/2

[Event "SG Ahaus-Wessum 1 - SF Beelen 1"]
[Site "Regionalliga 2017/2018"]
[Date "2018.03.17"]
[Round "7.6"]
[White "Bauland, Thomas"]
[Black "Schemmann, Bernhard"]
[Result "0-1"]
[WhiteElo "1870"]
[BlackElo "1846"]
[PlyCount "48"]
[EventDate "2018.??.??"]
[SourceDate "2017.09.15"]

1. d4 Nf6 2. Nf3 d5 3. e3 Bf5 4. Bd3 Bxd3 5. cxd3 c6 6. O-O Nbd7 7. Nbd2 Qc7 8.
e4 dxe4 9. dxe4 e6 10. Re1 Be7 11. Nc4 O-O 12. Bg5 Nb6 13. Nfd2 Rad8 14. e5 Ne8
15. Be3 c5 16. Nxb6 cxd4 17. Nbc4 dxe3 18. Rxe3 b5 19. Nd6 Nxd6 20. exd6 Qxd6
21. Re2 Bg5 22. Qc2 Rc8 23. Qb3 Bxd2 24. Rd1 Rc1 0-1

[Event "SG Ahaus-Wessum 1 - SF Beelen 1"]
[Site "Regionalliga 2017/2018"]
[Date "2018.03.17"]
[Round "7.7"]
[White "Hanewinkel, Martin"]
[Black "Woltering, Martin"]
[Result "0-1"]
[WhiteElo "1822"]
[BlackElo "1776"]
[PlyCount "48"]
[EventDate "2018.??.??"]
[SourceDate "2017.09.15"]

1. d4 e6 2. Nf3 f5 3. Bf4 Nf6 4. e3 d5 5. c3 Be7 6. Nbd2 Ne4 7. Ne5 O-O 8. h4
Nd7 9. Ndf3 c5 10. Bd3 Ndf6 11. Ng5 cxd4 12. exd4 Qb6 13. Qe2 Bd7 14. f3 h6 15.
fxe4 fxe4 16. Nxd7 Nxd7 17. Bb5 Rxf4 18. Bxd7 hxg5 19. hxg5 Bxg5 20. Qh5 Bh6
21. Qe5 Rf6 22. b4 Rd8 23. Ba4 Qa6 24. Bb3 Qd3 0-1

[Event "SG Ahaus-Wessum 1 - SF Beelen 1"]
[Site "Regionalliga 2017/2018"]
[Date "2018.03.17"]
[Round "7.8"]
[White "Terdues, Guido"]
[Black "Fartmann, Franz-Josef"]
[Result "1-0"]
[WhiteElo "1727"]
[BlackElo "1805"]
[PlyCount "67"]
[EventDate "2018.??.??"]
[SourceDate "2017.09.15"]

1. f4 e6 2. Nf3 c5 3. g3 Nc6 4. Bg2 d6 5. e4 g6 6. c3 Bg7 7. d3 Nge7 8. O-O Rb8
9. Be3 O-O 10. Nbd2 Qc7 11. Rb1 b6 12. Qc2 Bb7 13. b4 Rbc8 14. b5 Nb8 15. c4
Nd7 16. Ng5 Nf6 17. Ndf3 h6 18. Nh3 d5 19. Nf2 d4 20. Bd2 Nd7 21. Rbe1 Rce8 22.
Qc1 f5 23. Re2 Nc8 24. Rfe1 Nd6 25. Nh4 Kh7 26. exf5 exf5 27. Bxb7 Qxb7 28. Re6
Rxe6 29. Rxe6 Rf6 30. Qe1 Nf8 31. Re7 Qa8 32. Qe5 Kh8 33. g4 Qb8 34. Rxg7 1-0

[Event "SF Neuenkirchen 1 - SK Münster 2"]
[Site "Regionalliga 2017/2018"]
[Date "2018.03.17"]
[Round "7.1"]
[White "Wieder, Heiner"]
[Black "Wilde, Pierre"]
[Result "0-1"]
[WhiteElo "2089"]
[BlackElo "2240"]
[PlyCount "78"]
[EventDate "2018.??.??"]
[SourceDate "2017.09.15"]

1. e4 c5 2. Nf3 a6 3. Nc3 b5 4. d4 e6 5. Be3 Qc7 6. a4 b4 7. Ne2 Nf6 8. Ng3 Bb7
9. e5 Nd5 10. Qd2 Nc6 11. dxc5 Nxe5 12. Nxe5 Qxe5 13. O-O-O Rc8 14. Bd4 Qf4 15.
Nh5 Qxd2+ 16. Rxd2 f6 17. Bc4 Kf7 18. Bxd5 Bxd5 19. Nf4 Bc6 20. Nd3 a5 21. f4
Bxa4 22. b3 Bb5 23. Kb2 Bxd3 24. Rxd3 Bxc5 25. Bxc5 Rxc5 26. Rxd7+ Kg6 27. Rhd1
Rhc8 28. R1d2 R8c7 29. Rxc7 Rxc7 30. Kc1 Kf5 31. g3 h5 32. Kd1 h4 33. Ke1 hxg3
34. hxg3 Kg4 35. Kf2 Rc3 36. Re2 Rf3+ 37. Ke1 Kxg3 38. Rxe6 Rxf4 39. Ra6 Rf5
0-1

[Event "SF Neuenkirchen 1 - SK Münster 2"]
[Site "Regionalliga 2017/2018"]
[Date "2018.03.17"]
[Round "7.2"]
[White "Vos, Thomas"]
[Black "Borrink, Jörn"]
[Result "0-1"]
[WhiteElo "2159"]
[BlackElo "2104"]
[PlyCount "70"]
[EventDate "2018.??.??"]
[SourceDate "2017.09.15"]

1. Nf3 d5 2. e3 Nf6 3. c4 e6 4. d4 Nbd7 5. Nc3 c6 6. Bd2 Bd6 7. Bd3 O-O 8. O-O
dxc4 9. Bxc4 e5 10. Qc2 Qe7 11. h3 e4 12. Ng5 Nb6 13. Bb3 Nbd5 14. f3 Nxc3 15.
bxc3 Bf5 16. g4 Bg6 17. f4 h6 18. f5 Bh7 19. Nxh7 Nxh7 20. Be1 Qg5 21. Qxe4
Rae8 22. Qg2 Qxe3+ 23. Bf2 Qxc3 24. Rad1 Ng5 25. h4 Nh3+ 26. Kh1 Re2 27. g5
hxg5 28. hxg5 Nxg5 29. Qg4 Rfe8 30. Rc1 Qh3+ 31. Qxh3 Nxh3 32. Kg2 R8e3 33. Rc2
Rg3+ 34. Kh1 Nxf2+ 35. Rxf2 Re1+ 0-1

[Event "SF Neuenkirchen 1 - SK Münster 2"]
[Site "Regionalliga 2017/2018"]
[Date "2018.03.17"]
[Round "7.3"]
[White "Meyer, Ulrich"]
[Black "Hachmeister, Dirk"]
[Result "1/2-1/2"]
[WhiteElo "1941"]
[BlackElo "2143"]
[PlyCount "61"]
[EventDate "2018.??.??"]
[SourceDate "2017.09.15"]

1. d4 Nf6 2. Bg5 c5 3. Bxf6 gxf6 4. c3 Qb6 5. Qb3 Qxb3 6. axb3 cxd4 7. cxd4 Nc6
8. e3 d5 9. Nc3 e6 10. f4 f5 11. Nf3 f6 12. Bb5 Bd7 13. Kd2 Rg8 14. g3 Bd6 15.
Ne1 Ke7 16. Nd3 a6 17. Bxc6 Bxc6 18. Ra5 h5 19. b4 b6 20. Ra2 Kd7 21. Rha1 Bb7
22. b5 axb5 23. Rxa8 Rxa8 24. Rxa8 Bxa8 25. Nxb5 Be7 26. Nc3 Bb7 27. b4 Ba6 28.
b5 Bc8 29. Kc2 Kc7 30. Kb3 Bd7 31. Nb4 1/2-1/2

[Event "SF Neuenkirchen 1 - SK Münster 2"]
[Site "Regionalliga 2017/2018"]
[Date "2018.03.17"]
[Round "7.4"]
[White "Seegers, Hendrik"]
[Black "Quante, Lennart"]
[Result "1/2-1/2"]
[WhiteElo "2109"]
[BlackElo "2023"]
[PlyCount "111"]
[EventDate "2018.??.??"]
[SourceDate "2017.09.15"]

1. d4 Nf6 2. Nf3 g6 3. c4 Bg7 4. Nc3 d5 5. e3 O-O 6. cxd5 Nxd5 7. Bc4 Nxc3 8.
bxc3 c5 9. O-O Nc6 10. Ba3 b6 11. Rc1 Qc7 12. Qe2 Na5 13. Bd5 Rb8 14. Rfd1 Bb7
15. Bxb7 Nxb7 16. d5 Rfe8 17. c4 e6 18. Bb2 Bxb2 19. Qxb2 exd5 20. Rxd5 Rbd8
21. Rcd1 Rxd5 22. Rxd5 Rd8 23. Qd2 Rxd5 24. Qxd5 Qd6 25. e4 Qxd5 26. exd5 Nd6
27. Nd2 Kg7 28. Kf1 Kf6 29. Ke2 a6 30. a4 Ke7 31. g4 b5 32. cxb5 axb5 33. a5
Nc8 34. Ne4 c4 35. g5 b4 36. Ke3 Na7 37. Kd4 c3 38. Kd3 Nb5 39. a6 Kd7 40. Kc4
Nd6+ 41. Kd4 Nxe4 42. a7 c2 43. a8=Q c1=Q 44. Qa4+ Kd8 45. Kxe4 Qe1+ 46. Kd3
Qf1+ 47. Ke3 Qc1+ 48. Kd3 Qc3+ 49. Ke4 Qe1+ 50. Kd3 Qc3+ 51. Ke4 b3 52. Qa8+
Qc8 53. Qa5+ Qc7 54. Qa8+ Qc8 55. Qa5+ Qc7 56. Qa8+ 1/2-1/2

[Event "SF Neuenkirchen 1 - SK Münster 2"]
[Site "Regionalliga 2017/2018"]
[Date "2018.03.17"]
[Round "7.5"]
[White "Kaufhold, Thomas"]
[Black "Scho, Christian"]
[Result "1-0"]
[WhiteElo "2000"]
[BlackElo "2090"]
[PlyCount "87"]
[EventDate "2018.??.??"]
[SourceDate "2017.09.15"]

1. d4 d5 2. Nf3 Nf6 3. c4 c6 4. Nc3 a6 5. cxd5 cxd5 6. Bf4 Nc6 7. Rc1 Bf5 8. e3
Rc8 9. Nh4 Bg6 10. Qb3 Na5 11. Qd1 e6 12. Be2 Bd6 13. Bxd6 Qxd6 14. Qa4+ Nc6
15. a3 Nd7 16. O-O O-O 17. b4 Nb6 18. Qb3 Ne7 19. Na4 Nxa4 20. Qxa4 Nf5 21.
Nxf5 Bxf5 22. Rc5 e5 23. Qb3 Qg6 24. Rfc1 exd4 25. exd4 Rcd8 26. Rc7 Rfe8 27.
Bf3 Be4 28. Rxb7 Bxf3 29. Qxf3 h5 30. h3 Re6 31. Rbc7 Rf6 32. Qc3 Qf5 33. Qc2
Qf4 34. Qd3 Qxf2+ 35. Kh1 Rg6 36. Qf1 Qxd4 37. Qxf7+ Kh7 38. Qf5 Qf6 39. Qxh5+
Rh6 40. Qe2 Qf5 41. Rxg7+ Kh8 42. Rg4 Re6 43. Qb2+ Qe5 44. Qf2 1-0

[Event "SF Neuenkirchen 1 - SK Münster 2"]
[Site "Regionalliga 2017/2018"]
[Date "2018.03.17"]
[Round "7.6"]
[White "Rieke, Theo"]
[Black "Kubo, Thomas"]
[Result "1/2-1/2"]
[WhiteElo "1939"]
[BlackElo "1958"]
[PlyCount "27"]
[EventDate "2018.??.??"]
[SourceDate "2017.09.15"]

1. Nf3 c5 2. g3 g6 3. c3 Bg7 4. d4 Qc7 5. Bg2 Nf6 6. O-O O-O 7. Re1 d6 8. e4 e5
9. Na3 Nc6 10. Nb5 Qe7 11. dxc5 dxc5 12. Qd6 Re8 13. Bg5 a6 14. Qxe7 1/2-1/2

[Event "SF Neuenkirchen 1 - SK Münster 2"]
[Site "Regionalliga 2017/2018"]
[Date "2018.03.17"]
[Round "7.7"]
[White "Emunds, Hans Georg"]
[Black "Beckmann, Klaus2"]
[Result "0-1"]
[WhiteElo "2100"]
[BlackElo "2072"]
[PlyCount "68"]
[EventDate "2018.??.??"]
[SourceDate "2017.09.15"]

1. e4 e5 2. Nf3 d6 3. d4 exd4 4. Nxd4 Nf6 5. Nc3 Be7 6. Be2 O-O 7. O-O Nc6 8.
Be3 Re8 9. f4 Bf8 10. Bf3 Bd7 11. Nb3 a5 12. a4 Be6 13. Nd4 Bd7 14. Kh1 Nxd4
15. Bxd4 Bc6 16. Qd3 Nd7 17. Rad1 Qh4 18. e5 dxe5 19. Bxc6 exd4 20. Bxd7 Re7
21. Qxd4 Rd8 22. Qa7 Rexd7 23. Rxd7 Rxd7 24. Qxb7 Qd8 25. Qf3 Bb4 26. Rd1 h6
27. Rxd7 Qxd7 28. Qa8+ Kh7 29. Qd5 Qg4 30. Qf3 Qxf3 31. gxf3 Bxc3 32. bxc3 Kg6
33. Kg2 Kf5 34. Kg3 c6 0-1

[Event "SF Neuenkirchen 1 - SK Münster 2"]
[Site "Regionalliga 2017/2018"]
[Date "2018.03.17"]
[Round "7.8"]
[White "Stöckmann, Helmut"]
[Black "Kamp, Aaron"]
[Result "0-1"]
[WhiteElo "2001"]
[BlackElo "1707"]
[PlyCount "84"]
[EventDate "2018.??.??"]
[SourceDate "2017.09.15"]

1. c4 Nf6 2. Nc3 d5 3. cxd5 Nxd5 4. e4 Nxc3 5. dxc3 Qxd1+ 6. Kxd1 e5 7. Be3 Be6
8. Nf3 f6 9. Kc2 Be7 10. Nd2 O-O 11. Bc4 Kf7 12. Rhd1 Nc6 13. a4 Rfd8 14. Bxe6+
Kxe6 15. b4 b6 16. Nb3 Bd6 17. b5 Ne7 18. a5 f5 19. f3 Rab8 20. c4 c5 21. axb6
axb6 22. Bg5 fxe4 23. fxe4 Rf8 24. Rd2 Ra8 25. Kc3 Rxa1 26. Nxa1 Nc8 27. Nc2 h6
28. Be3 Be7 29. Re2 Nd6 30. Bd2 Bg5 31. Bxg5 hxg5 32. Kd3 Ra8 33. Re1 Ra4 34.
Ra1 Rxc4 35. Ra6 Rxe4 36. Rxb6 c4+ 37. Kd2 Kd7 38. Rb8 Rf4 39. Ke2 Kc7 40. Rg8
Rf7 41. Ne3 Kb6 42. Rd8 Kc7 0-1

[Event "SG Turm Raesfeld/Erle 1 - SK Bocholt 1"]
[Site "Regionalliga 2017/2018"]
[Date "2018.03.17"]
[Round "7.1"]
[White "Fuest, Martin"]
[Black "Wilger, Frank"]
[Result "1/2-1/2"]
[WhiteElo "2140"]
[BlackElo "2086"]
[PlyCount "27"]
[EventDate "2018.??.??"]
[SourceDate "2017.09.15"]

1. d4 Nf6 2. Nf3 e6 3. c4 Bb4+ 4. Bd2 Bxd2+ 5. Qxd2 d5 6. cxd5 exd5 7. Nc3 O-O
8. e3 Bf5 9. Bd3 Bxd3 10. Qxd3 c6 11. Ne5 Nbd7 12. Nxd7 Qxd7 13. O-O Rfe8 14.
h3 1/2-1/2

[Event "SG Turm Raesfeld/Erle 1 - SK Bocholt 1"]
[Site "Regionalliga 2017/2018"]
[Date "2018.03.17"]
[Round "7.2"]
[White "Pollok, Ralf"]
[Black "Liesmann, Karsten"]
[Result "1-0"]
[WhiteElo "1990"]
[BlackElo "1998"]
[PlyCount "25"]
[EventDate "2018.??.??"]
[SourceDate "2017.09.15"]

1. d4 d5 2. c4 Nc6 3. Nc3 dxc4 4. Nf3 Nf6 5. Bg5 a6 6. d5 Na7 7. e4 Nb5 8. Qa4
Bd7 9. Qxc4 Nxc3 10. bxc3 Bb5 11. Qb3 Bxf1 12. Kxf1 Nxe4 13. Qa4+ 1-0

[Event "SG Turm Raesfeld/Erle 1 - SK Bocholt 1"]
[Site "Regionalliga 2017/2018"]
[Date "2018.03.17"]
[Round "7.3"]
[White "Hunhoff, Sebastian"]
[Black "Gesing, Felix"]
[Result "1/2-1/2"]
[WhiteElo "1951"]
[BlackElo "1988"]
[PlyCount "58"]
[EventDate "2018.??.??"]
[SourceDate "2017.09.15"]

1. c4 f5 2. Nc3 Nf6 3. g3 d6 4. Bg2 e5 5. e3 Be7 6. Nge2 O-O 7. O-O Qe8 8. d4
Nbd7 9. Nd5 Bd8 10. Bd2 c6 11. Nxf6+ Nxf6 12. dxe5 dxe5 13. Bb4 Be7 14. Bxe7
Qxe7 15. Qc2 Be6 16. b3 Rad8 17. Rad1 Qc5 18. Rxd8 Rxd8 19. Rd1 Qa5 20. Rxd8+
Qxd8 21. Nc3 Kf7 22. Bf1 Qd6 23. Qd3 Ke7 24. f3 a5 25. Kf2 Nd7 26. Ke2 Qxd3+
27. Kxd3 Nc5+ 28. Kc2 g5 29. a3 h6 1/2-1/2

[Event "SG Turm Raesfeld/Erle 1 - SK Bocholt 1"]
[Site "Regionalliga 2017/2018"]
[Date "2018.03.17"]
[Round "7.4"]
[White "Greifenberg, Daniel"]
[Black "Naumann, Felix"]
[Result "1-0"]
[WhiteElo "2002"]
[BlackElo "1882"]
[PlyCount "85"]
[EventDate "2018.??.??"]
[SourceDate "2017.09.15"]

1. d4 Nf6 2. c4 e6 3. Nf3 b6 4. a3 Bb7 5. Nc3 d5 6. Bg5 Be7 7. e3 O-O 8. Qc2
Ne4 9. h4 f5 10. cxd5 exd5 11. O-O-O Nd7 12. Bd3 c5 13. Kb1 Rc8 14. dxc5 Ndxc5
15. Nxd5 Nxd3 16. Nxe7+ Qxe7 17. Bxe7 Rxc2 18. Kxc2 Re8 19. Rxd3 Nxf2 20. Rd7
Be4+ 21. Kd2 Nxh1 22. Bd6 Rc8 23. Nd4 Nf2 24. Be5 Re8 25. Bxg7 Ng4 26. h5 Nxe3
27. Rxa7 Nc4+ 28. Kc3 Rc8 29. Kb4 Nd6 30. a4 Bxg2 31. Bf6 Ne8 32. Nxf5 Rc5 33.
Ne7+ Kf8 34. Bd4 Rc2 35. Nf5 Nc7 36. Kb3 Be4 37. Nd6 Bd3 38. Bxb6 Nd5 39. Bd4
Rc6 40. Nf5 Bc2+ 41. Ka3 Rc4 42. b3 Rb4 43. Bc5+ 1-0

[Event "SG Turm Raesfeld/Erle 1 - SK Bocholt 1"]
[Site "Regionalliga 2017/2018"]
[Date "2018.03.17"]
[Round "7.5"]
[White "Steiner, Karl"]
[Black "Brömmel, Rudolf"]
[Result "1/2-1/2"]
[WhiteElo "1926"]
[BlackElo "1913"]
[PlyCount "106"]
[EventDate "2018.??.??"]
[SourceDate "2017.09.15"]

1. d4 c5 2. d5 e5 3. e4 d6 4. Nc3 Nf6 5. Be2 Be7 6. Nf3 O-O 7. O-O Ne8 8. Nd2
a6 9. a4 b6 10. Nc4 Nd7 11. f4 Bf6 12. f5 Bg5 13. Rf3 f6 14. Qe1 Kf7 15. Rh3 h6
16. Rh5 Bxc1 17. Rxc1 Ke7 18. Qg3 Rh8 19. Rh4 Rh7 20. Bh5 Nf8 21. Rg4 Ra7 22.
h4 Qc7 23. Bg6 Nxg6 24. Rxg6 Bd7 25. Na3 Qb8 26. Qd3 Nc7 27. Qg3 Kf8 28. Nc4
Ne8 29. a5 bxa5 30. Ra1 a4 31. Nxa4 Rb7 32. b3 Bb5 33. Qc3 Bxc4 34. Qxc4 Rb4
35. Qe2 Qb5 36. Qe1 c4 37. Nc3 Qb6+ 38. Kh2 cxb3 39. cxb3 Rxb3 40. Rg3 Nc7 41.
Na4 Qb5 42. Rxb3 Qxb3 43. Rc1 Ne8 44. Qa5 Qe3 45. Rc4 Qf4+ 46. Kh3 h5 47. Rc8
g5 48. hxg5 Qg4+ 49. Kh2 Rb7 50. Nb6 Qf4+ 51. Kh1 Qf1+ 52. Kh2 Qf4+ 53. Kh1
Qf1+ 1/2-1/2

[Event "SG Turm Raesfeld/Erle 1 - SK Bocholt 1"]
[Site "Regionalliga 2017/2018"]
[Date "2018.03.17"]
[Round "7.6"]
[White "Bergemann, Martin"]
[Black "Hunhoff, Andreas"]
[Result "1-0"]
[WhiteElo "1935"]
[BlackElo "1813"]
[PlyCount "73"]
[EventDate "2018.??.??"]
[SourceDate "2017.09.15"]

1. d4 f5 2. Nf3 Nf6 3. e3 e6 4. Bd3 b6 5. Nbd2 Bb7 6. b3 Bb4 7. Bb2 Ne4 8. a3
Bxd2+ 9. Nxd2 O-O 10. Nf3 d6 11. c4 d5 12. Qc2 c6 13. Rc1 Nd7 14. cxd5 exd5 15.
Ne5 Nxe5 16. dxe5 Qg5 17. f4 Qe7 18. O-O Rac8 19. a4 Rfd8 20. Rfd1 c5 21. Qe2
Qe6 22. Rc2 h6 23. Qh5 c4 24. Bxe4 dxe4 25. Rxd8+ Rxd8 26. Rxc4 Rd3 27. Bd4
Rxb3 28. Rc7 Rb1+ 29. Kf2 Ba6 30. Rxa7 Rf1+ 31. Kg3 Bd3 32. Ra8+ Kh7 33. Re8
Qg6+ 34. Qxg6+ Kxg6 35. e6 Bc4 36. e7 Kf7 37. Rc8 1-0

[Event "SG Turm Raesfeld/Erle 1 - SK Bocholt 1"]
[Site "Regionalliga 2017/2018"]
[Date "2018.03.17"]
[Round "7.7"]
[White "Böing, Frank"]
[Black "Bölker, Franz"]
[Result "1/2-1/2"]
[WhiteElo "1821"]
[BlackElo "1799"]
[PlyCount "32"]
[EventDate "2018.??.??"]
[SourceDate "2017.09.15"]

1. d4 d5 2. Nf3 Nf6 3. Bg5 e6 4. e3 Nbd7 5. Bd3 c6 6. Nbd2 Qc7 7. O-O Be7 8.
Qe2 h6 9. Bh4 O-O 10. e4 dxe4 11. Nxe4 Re8 12. c3 b6 13. Rae1 Bb7 14. Bg3 Qd8
15. Nd6 Bxd6 16. Bxd6 c5 1/2-1/2

[Event "SG Turm Raesfeld/Erle 1 - SK Bocholt 1"]
[Site "Regionalliga 2017/2018"]
[Date "2018.03.17"]
[Round "7.8"]
[White "Brömmel, Chris"]
[Black "Wüstnienhaus, Andreas"]
[Result "1/2-1/2"]
[WhiteElo "1775"]
[BlackElo "1849"]
[PlyCount "99"]
[EventDate "2018.??.??"]
[SourceDate "2017.09.15"]

1. b4 c6 2. Bb2 a5 3. a3 axb4 4. axb4 Rxa1 5. Bxa1 Qb6 6. c3 d5 7. e3 e5 8. Nf3
Bd6 9. Be2 Bg4 10. O-O Qc7 11. h3 Bh5 12. Qb3 e4 13. Nd4 Bxe2 14. Nxe2 b5 15.
f3 f5 16. Nd4 Nh6 17. fxe4 fxe4 18. Qd1 Qe7 19. Qh5+ Kd8 20. Na3 Qe5 21. Qxe5
Bxe5 22. Nac2 Bf6 23. Bb2 Re8 24. Ra1 Re7 25. Ra8 Kc7 26. Rxb8 Kxb8 27. Nxc6+
Kc7 28. Nxe7 Bxe7 29. Nd4 Kb6 30. Ne6 Bf6 31. Kf2 Nf7 32. Ke2 Ne5 33. Nf4 Kc6
34. d4 exd3+ 35. Nxd3 Nc4 36. Ba1 g6 37. Nf2 Bh4 38. Nd3 Bf6 39. g3 Kd6 40. Nc5
Be5 41. g4 Bh2 42. Nb3 Be5 43. Nd4 Bxd4 44. cxd4 Ke6 45. Bc3 Nd6 46. Kf3 Ne4
47. Be1 g5 48. Bg3 Nd2+ 49. Ke2 Ne4 50. Kf3 1/2-1/2

[Event "SC Gronau 1 - Schach Nienberge 1"]
[Site "Regionalliga 2017/2018"]
[Date "2018.03.17"]
[Round "7.1"]
[White "Remmeke, Hans"]
[Black "Bündgen, Achim"]
[Result "1/2-1/2"]
[WhiteElo "2124"]
[BlackElo "2119"]
[PlyCount "33"]
[EventDate "2018.??.??"]
[SourceDate "2017.09.15"]

1. d4 Nf6 2. c4 c5 3. d5 e6 4. Nc3 exd5 5. cxd5 d6 6. e4 g6 7. f4 Bg7 8. Bb5+
Nfd7 9. Nf3 a6 10. Bd3 b5 11. O-O O-O 12. Kh1 Nb6 13. f5 N8d7 14. Bg5 Bf6 15.
h4 Qe7 16. g4 Nc4 17. Bxc4 1/2-1/2

[Event "SC Gronau 1 - Schach Nienberge 1"]
[Site "Regionalliga 2017/2018"]
[Date "2018.03.17"]
[Round "7.2"]
[White "Monsma, Menno"]
[Black "Ringwelski, Marius"]
[Result "1/2-1/2"]
[WhiteElo "2030"]
[BlackElo "1929"]
[PlyCount "66"]
[EventDate "2018.??.??"]
[SourceDate "2017.09.15"]

1. d4 Nf6 2. c4 e6 3. Nc3 Bb4 4. f3 c5 5. d5 b5 6. dxe6 fxe6 7. e4 bxc4 8. Bxc4
Bb7 9. Nge2 O-O 10. O-O d5 11. Bd3 c4 12. Bb1 Qb6+ 13. Kh1 dxe4 14. Nxe4 Nxe4
15. Bxe4 Bxe4 16. fxe4 Nc6 17. Bf4 Rad8 18. Qc2 Qa6 19. a3 Bc5 20. Rac1 Nd4 21.
Nxd4 Bxd4 22. Bg3 Rxf1+ 23. Rxf1 c3 24. Rd1 Rf8 25. h4 Rf1+ 26. Kh2 Rxd1 27.
Qxd1 Qc4 28. bxc3 Qxc3 29. Qa4 Kf7 30. Qd7+ Kf6 31. Qd8+ Kf7 32. Qd7+ Kf6 33.
Qd8+ Kf7 1/2-1/2

[Event "SC Gronau 1 - Schach Nienberge 1"]
[Site "Regionalliga 2017/2018"]
[Date "2018.03.17"]
[Round "7.3"]
[White "Gottkehaskamp, Philipp"]
[Black "Ellenbroek, Ton"]
[Result "1-0"]
[WhiteElo "1972"]
[BlackElo "1977"]
[PlyCount "61"]
[EventDate "2018.??.??"]
[SourceDate "2017.09.15"]

1. Nf3 d6 2. g3 e5 3. d3 f5 4. e4 Nf6 5. Nbd2 Be7 6. Bg2 O-O 7. O-O c6 8. a4 a5
9. c3 fxe4 10. dxe4 Na6 11. Qe2 Nc5 12. Rd1 Qe8 13. Ne1 Bg4 14. f3 Be6 15. Nd3
Nfd7 16. Nxc5 Nxc5 17. Nc4 Nb3 18. Rb1 Nxc1 19. Rbxc1 Qb8 20. h4 b5 21. axb5
Qxb5 22. Bf1 Qc5+ 23. Kg2 Rf6 24. Ra1 Raf8 25. Rxa5 Qxc4 26. Qxc4 Bxc4 27.
Bxc4+ Kh8 28. Ra7 Bd8 29. Rd3 Bb6 30. Rd7 Rd8 31. Rb7 1-0

[Event "SC Gronau 1 - Schach Nienberge 1"]
[Site "Regionalliga 2017/2018"]
[Date "2018.03.17"]
[Round "7.4"]
[White "Lütkehermölle, Martin"]
[Black "Gottkehaskamp, Stefan"]
[Result "0-1"]
[WhiteElo "1972"]
[BlackElo "1971"]
[PlyCount "72"]
[EventDate "2018.??.??"]
[SourceDate "2017.09.15"]

1. e4 d6 2. d4 Nf6 3. Nc3 g6 4. f4 Bg7 5. Nf3 O-O 6. Bd3 Nc6 7. a3 e5 8. d5 Nd4
9. fxe5 dxe5 10. Be3 Bg4 11. Be2 Nxe2 12. Qxe2 c6 13. dxc6 bxc6 14. O-O Nh5 15.
Qc4 Qc8 16. Rad1 Nf4 17. Rf2 Ne6 18. Rd6 Qb8 19. Qb4 Bxf3 20. Rxf3 Nd4 21. Bxd4
exd4 22. Ne2 Qe8 23. Nxd4 Rb8 24. Qd2 Rxb2 25. Rb3 Rxb3 26. cxb3 c5 27. Nc6
Qxe4 28. b4 c4 29. Nd4 Be5 30. Rd7 Qb1+ 31. Kf2 Bxh2 32. Ne2 Qf5+ 33. Ke1 Re8
34. Kd1 Qf1+ 35. Qe1 Qxg2 36. Rxa7 c3 0-1